000 00581nam a2200157 a 4500
008 120416s1963 ||||||||||||||||| || u
050 _aHD 69.I7 Cro
100 _aCrosswell, Carl McCromick
245 1 0 _aInternational business techniques: legal and financial aspects
260 _aDobbs Ferry, [N.Y.]
_bSythoff
_c1963
300 _axxi, 361p.
350 _a0.00
650 _aBUSINESS TECHNIQUES
650 0 _aBUSINESS
995 _D0.00
_FCBU-MAIN LIBRARY (Kitwe)
_H1
_I0.00
_M1
_UAVAILABLE
_ZMain Library Open Access Collection
999 _c47308
_d47308